Statistics for Closest capital acrostics- D capitals

Click here to take the quiz!

General Stats

  • This quiz has been taken 62 times
  • The average score is 44 of 51

Answer Stats

HintAnswer% Correct
BBrussels
97%
DDamascus
97%
HHanoi
97%
IIslamabad
97%
IIslamabad
97%
IIslamabad
97%
UUlaanbaatar
97%
DDamascus
94%
DDoha
94%
JJuba
94%
UUlaanbaatar
94%
UUlaanbaatar
94%
UUlaanbaatar
94%
AAccra
92%
AAmman
92%
AAnkara
92%
OOslo
92%
AAshgabat
89%
DDushanbe
89%
KKinshasa
89%
LLondon
89%
AAshgabat
86%
DDjibouti
86%
DDoha
86%
DDoha
86%
DDoha
86%
HHelsinki
86%
OOslo
86%
OOuagadougou
86%
AAbuja
83%
CCairo
83%
DDhaka
83%
HHelsinki
83%
NNew Delhi
83%
OOuagadougou
83%
RRabat
83%
AAbu Dhabi
81%
AAstana
81%
KKathmandu
81%
BBishkek
78%
DDublin
78%
MManama
78%
NNicosia
78%
AAddis Ababa
75%
SSofia
72%
TTehran
72%
BBujumbura
69%
MMoroni
69%
SSkopje
69%
SSana'a
67%
LLilongwe
61%

Score Distribution

Percentile by Number Answered

Percent of People with Each Score

Your Score History

You have not taken this quiz